[Event "Tashkent FIDE GP 2nd"]
[Site "Tashkent"]
[Date "2012.11.27"]
[Round "5"]
[White "Wang, Hao"]
[Black "Kasimdzhanov, Rustam"]
[Result "0-1"]
[WhiteElo "2737"]
[BlackElo "2696"]
[Annotator "Marin,M"]
[PlyCount "80"]
[EventDate "2012.11.22"]
[EventType "tourn"]
[EventRounds "11"]
[EventCountry "UZB"]
[EventCategory "20"]
[SourceTitle "CBM 152"]
[Source "ChessBase"]
[SourceDate "2013.01.15"]
[SourceVersion "1"]
[SourceVersionDate "2013.01.15"]
[SourceQuality "1"]

1. e4 e5 2. Nf3 Nc6 3. d4 exd4 4. Nxd4 Nf6 5. Nxc6 bxc6 6. e5 Qe7 7. Qe2 Nd5 8.
c4 Nb6 9. Nc3 Qe6 10. Qe4 {More than 10 years ago, this variation was
popularised by Kasparov, whose games dictated the trend in the Scotch Opening
for a long time. Fashion is a cruel lady and we will see that players are
starting to deviate from the initial ideas of such a great player.} Bb4 {
This is precisely how Kasparov's opponents reacted.} ({In the meanwhile} 10...
g6 {has become an important alternative, which has not been refuted yet, as
proven by the following recent game:} 11. Bd3 Bg7 12. f4 O-O 13. O-O d6 14.
Qxc6 dxe5 15. Qxc7 f5 16. c5 Rf7 17. Qd8+ Rf8 18. Qc7 Rf7 19. Qd8+ Rf8 20. Qc7
Rf7 21. Qd8+ Rf8 22. Qc7 {1/2 Kovalev,V (2477)-Beliavsky,A (2630)/Plovdiv 2012/
CBM 148}) 11. Bd2 Ba6 12. b3 Bxc3 13. Bxc3 d5 14. Qf3 $5 {Relatively
unexplored, but not new at all, as we will see.} ({Kasparov preferred} 14. Qh4
dxc4 15. Be2 Nd5 16. Bxc4 (16. Bd4 {Kasparov,G (2812)-Adams,M (2716)/Sarajevo
1999/CBM 071/[Mikhalevski,V] (1-0, 31) was a brilliant win by Kasparov, but
then the strong novelty} Qf5 $1 {played in a blitz game on the Internet (!)
changed the evaluation of the position, Morozevich,A (2748)-Piket,J (2633)/
Internet 2000/CBM 076/[Mikhalevski,V] (0-1, 67)}) 16... g5 17. Qd4 (17. Bxd5
Qxd5 18. Qxg5 {Sutovsky,E (2697)-Karjakin,S (2576)/Pamplona 2004/CBM 105/
[Erenburg] (0-1, 53)}) 17... Bxc4 18. Qxc4 O-O-O $5 (18... Nf4 {Kasparov,G 
(2851)-Timman,J (2655)/Wijk aan Zee 2000/CBM 075/[Mikhalevski,V] (1-0, 36)})
19. O-O Nf4 {Mamedov,R (2517)-Karjakin,S (2576)/Mallorca 2004/CBM 104/[Postny]
(0-1, 34)}) 14... dxc4 15. Rc1 $6 $146 ({This new move offers Black additional
possibilities with respect to the known} 15. Be2 {, without getting anything
in exchange.} O-O ({Here, castling long is less favourable than in the game,
but not really impossible:} 15... O-O-O 16. O-O Kb7 17. Rfb1 Rhe8 18. Qe4 {
[%cal Ge2g4]} cxb3 $5 19. Bxa6+ Kxa6 20. axb3+ {The rook is useful on a1 as we
can see, which speaks against 15.Rc1?!} Kb7 21. Qe2 {[%cal Ge2a6]} Kb8 {
[%cal Gb6c8,Gd8d5] There is no immediate danger for the black king, while the
control over the light squares offers Black counterplay.}) 16. O-O Rad8 17.
Rfe1 Rfe8 18. Rac1 (18. Bf1 {Ponomariov,R (2580)-Spassky,B (2535)/Cannes 1998/
CBM 065/[Mikhalevski,V] (1/2, 58)}) 18... c5 {An important move, clearing the
6th rank and preparing to unpin the c4-pawn.} 19. Bf1 Nd5 20. bxc4 (20. Bxc4
Bxc4 21. bxc4 Nb4 $15) 20... Nb4 $6 {This only apparently improves Black's
structure. In fact, it offers White a target.} (20... Nxc3 21. Rxc3 Rd4 $132)
21. Bxb4 $1 cxb4 22. Qe3 {1/2 Ljubojevic,L (2590)-Spassky,B (2640)/Montreal
1979/MCL/[ChessBase]} Rc8 23. f4 (23. Qxa7 c5 $1 $19 {[%cal Ge8e7]}) 23... Qb6
(23... c5 24. a3 $5) 24. c5 (24. a3 $1) 24... Qc6 25. Bxa6 Qxa6 26. Qb3 Rcd8
27. Qxb4 Qxa2 28. Qe4 {1/2 Zagorovsky,V-Omelchenko,L/Alekhine mem-A corr9196
1991/Corr Nr. 1}) 15... O-O-O $1 {The former World Champion immediately spots
the small drawback of White's novelty. After the rook's departure from the
a-file, the plan based on ...Kb7 and ...cxb3 wins time with respect to a
similar line above.} ({I failed to understand the secret idea behind the
novelty, since after} 15... O-O {White seems to have nothing better than
transposing to the known paths:} 16. Be2 (16. a4 {loses too much time with the
king in the centre.} c5 17. a5 Nd7) 16... Rad8) 16. Be2 Kb7 17. O-O cxb3 18.
Bxa6+ Kxa6 19. axb3 Kb7 {Black has emerged out of the opening with a pawn up
and his stability on the light squares insures him against any danger. In fact,
the king is a strong piece taking an active part in the defence of its own
residence.} 20. Ra1 {This practically admits that he has lost time.} ({There
is, however, no obvious way to build up effective pressure along the c-file:} 
20. Ba1 Rd5 21. Rc2 Rhd8 22. Rfc1 Qf5 $1 {Speculating with the back rank
weakness.} 23. Qe2 Qd3 $17 {After the queen exchange, Black will simply be a
pawn up.}) 20... Rd5 {A very strong "human" move. Very soon, Black's pieces
will be grouped very harmoniosuly.} ({The engines do not see any danger after} 
20... Qxb3 {either:} 21. Rfc1 Rhe8 22. h3 Qd5 23. Qe2 Qc4 24. Qb2 Rd3 25. Be1
Qe6 {Still, over the board the position may feel a bit shaky.}) 21. Qe2 Rb5 $1
{In the similar line above (with 15.Be2 instead of 15.Rc1), Black did not have
the time to defend the f1-a6 diagonal in this way.} 22. b4 Ra8 23. Rfc1 a6 {
Black has a rock solid queenside position and soon he will activate his knight,
winning another pawn.} 24. h3 Nd5 25. Bd2 Nxb4 26. Rc4 (26. Bxb4 Rxb4 {[%cal
Ga6a5]} 27. Rc5 Rb5 $17) 26... a5 $17 27. f4 Qd5 28. Rac1 Rd8 29. Be3 Nd3 {
Aiming for full domination.} (29... Qd3 30. Qf2 Na2 31. Qxa2 Qxe3+ 32. Qf2
Qxf2+ 33. Kxf2 Rb6 34. Ke3 {may offer White some chances to save the game.})
30. R1c2 c5 (30... g5 {seems to be very strong, but only with an engine by
your side. Over the board, the consequences of this rupture may not be that
obvious.} 31. Rxc6 (31. Rd4 Nxf4 $1 {leaves White with problems finding a
proper square for the queen. It is important to defend the c2-rook, in order
to avoid the intermediate ...Qb3.} 32. Qd2 Rb1+ 33. Kh2 Qxe5 34. Rxd8 Ne6+ 35.
g3 Nxd8 $19) (31. fxg5 Rb1+ 32. Kh2 Qxe5+ 33. Bf4 Qxe2 34. Rxe2 Rb4 35. Ree4 c5
$19) 31... Rd7 32. Rf6 a4 $19 {The rook seems to be active on f6, but in fact
it fails to fight against the main danger - the a-pawn.}) 31. Ra4 $6 ({Missing
thr chance to muddy the waters:} 31. Rxc5 $1 Rxc5 32. Bxc5 a4 (32... Nxc5 33.
Qb5+ Kc8 34. Rxc5 $11) 33. Kh2 $5) 31... Kb6 (31... g5 $1) 32. Rca2 $6 {
Almost self-trapping the rook.} Nb2 $1 33. Qxb2 {Desperation.} (33. R4a3 Qd1+
34. Qxd1 Rxd1+ 35. Kf2 Nc4 36. Rc3 Rb4 37. Rac2 Kb5 {White is helpless against
the advance of the black queenside army.}) 33... Qd1+ $5 (33... Rxb2 34. Rxb2+
Ka6 35. Bd2 Qxd2 36. Rxd2 Rxd2 $19) 34. Kh2 Qxa4 $1 35. Bxc5+ Kb7 36. Qf2 Qb3
37. Ra3 Qc4 38. Be3 g6 39. Qe1 Rd3 40. Qe2 Rbd5 0-1

[Event "Candidates final"]
[Site "Elista"]
[Date "2007.06.13"]
[Round "2.9"]
[White "Rublevsky, Sergei"]
[Black "Grischuk, Alexander"]
[Result "0-1"]
[WhiteElo "2680"]
[BlackElo "2717"]
[Annotator "Marin,M"]
[PlyCount "77"]
[EventDate "2007.06.06"]
[EventType "k.o."]
[EventRounds "6"]
[EventCountry "RUS"]
[SourceTitle "CBM 119"]
[Source "ChessBase"]
[SourceDate "2007.08.01"]
[SourceVersion "1"]
[SourceVersionDate "2007.08.01"]
[SourceQuality "1"]

1. e4 e5 2. Nf3 Nc6 3. d4 exd4 4. Nxd4 Bc5 5. Nb3 {A possible sign that
Rublevsky was coming short of bullets in the Scotch Opening. The knight
retreat is not supposed to cause Black any problems.} Bb6 6. Nc3 Nf6 7. Qe2 d6
8. Bg5 h6 9. Bh4 g5 10. Bg3 Qe7 11. h4 Rg8 12. hxg5 hxg5 13. O-O-O Be6 14. Rh6
O-O-O 15. Nd5 Bxd5 16. exd5 Ne5 17. Bxe5 dxe5 18. Qf3 {Black has a comfortable
development and a mighty bishop. This is compensated by the relative weakness
oh his kingside. The position is about equal.} Rd6 19. Nd2 {Aiming to activate
the knight, but leaving the d5-pawn vulnerable.} (19. c4 {would have been
answered by} Nd7 {, safely blocking White's queenside majority.}) 19... Ne8 20.
Rh5 Nf6 {White is attacking with only two pieces, which makes Black's task
rather easy.} 21. Qf5+ Kb8 22. Rh6 (22. Rxg5 {would lead to equality after}
Rxg5 23. Qxg5 Rxd5) 22... Ne8 23. Qh7 Qf8 24. Rh1 Nf6 25. Qf5 Nxd5 26. Ne4 $6 (
{Probably over looking Black's reply. Maybe White should have completed his
development with} 26. Bc4 $5 {maintaining the balance approximately even?!})
26... Ne7 $1 27. Qh7 Rxd1+ 28. Kxd1 f5 {White is in trouble now.} 29. Bc4 {
The only attempt to complicate matters.} fxe4 30. Bxg8 Nxg8 31. Qxe4 {Black
has a material advantage but his coordination is not perfect yet. Possibly,
Grischuk committed some inaccuracies in the next phase but remained in control
all the way.} a6 32. Rh8 Ka7 {After ensuring his king, Black is ready to start
his own attack.} 33. Qxe5 Qf7 34. Qxg5 Nf6 35. f3 Qd7+ 36. Qd2 Qb5 {The
endgame would be lost for Black, but with queens on board White is in
permanent danger, especially in rapid chess.} 37. c3 Nd5 38. Rh1 Be3 39. Qe2 {
and Rublevsky resigned without waiting to see the variation} (39. Qe2 $2 Nxc3+
$1 40. bxc3 Qb1#) 0-1

[Event "Morelia/Linares 24th"]
[Site "Morelia/Linares"]
[Date "2007.03.07"]
[Round "12"]
[White "Ivanchuk, Vassily"]
[Black "Morozevich, Alexander"]
[Result "0-1"]
[WhiteElo "2750"]
[BlackElo "2741"]
[Annotator "Marin,M"]
[PlyCount "78"]
[EventDate "2007.02.17"]
[EventType "tourn"]
[EventRounds "14"]
[EventCountry "ESP"]
[EventCategory "20"]
[SourceTitle "CBM 117"]
[Source "ChessBase"]
[SourceDate "2007.03.30"]
[SourceVersion "1"]
[SourceVersionDate "2007.03.30"]
[SourceQuality "1"]

1. e4 e5 2. Nf3 Nc6 3. d4 exd4 4. Nxd4 Bc5 5. Nb3 ({This is the old main line.
In recent years, the main theoretical discussion has been held in the lines
starting with} 5. Be3 Qf6 6. c3) ({or} 5. Nxc6 Qf6 6. Qd2 dxc6) 5... Bb6 6. Nc3
Nf6 7. Bg5 h6 8. Bh4 d6 9. Qe2 O-O ({The game between the players who showed
the most entertaining play in this tournament so far promisses to become
interesting from an early stage already. Black opts for an opposite castles
position, instead of the habitual} 9... Be6 {followed by long castle.}) 10.
O-O-O Re8 11. f3 Be6 12. Kb1 a5 {A lucky move for Black in this 12th round. It
eventually yielded Svidler a win in his game against Leko.} 13. Bf2 ({Allowing
the enemy pawn to advanced unhindered is probably not a good idea. Something
like} 13. Na4 Ba7 14. Qe1 {, preventing Black's plan but avoiding pawn
weaknesses such as a2-a4, might have been safer.}) 13... a4 14. Nc5 {Unlike
Svidler, Morozevich allows this knight jump. Given the fact that we have a
different pawn structure, such comparisons have a purely formal character.} a3
15. Nxe6 Rxe6 16. Bxb6 cxb6 17. Qd2 ({Ivanchuk probably thought that once it
will reach b2, the black a-pawn will be... the best defender of the white king.
The main alternative was} 17. b3 {but then White would have been under
permanent danger of getting mated on b2. A possible continuation would be} d5
18. Nxd5 Nxd5 19. Rxd5 Qf6 {, when White's lack of development and the
weakness of the dark squares from his camp would become noticeable.}) 17...
axb2 18. Bc4 Re5 {A nice way to activate the rook. With his king in a safer
situation than White's, Black has excellent play.} 19. Bb3 ({White's lack of
stability on the queenside can be felt inthe line} 19. Qxd6 $6 Qxd6 20. Rxd6
Rc5 {when Black wins material.}) 19... Rc5 20. Na4 Rca5 21. Nc3 ({A curious
decision. White throws away two whole tempi. Ivanchuk probably intended to play
} 21. Nxb2 {but then changed his mind.}) 21... Ne8 22. Nd5 Ne5 23. Qd4 Nd7 24.
Rd2 Nc5 25. Rhd1 Nxb3 26. axb3 Nc7 27. Nxc7 Qxc7 28. Qxb2 b5 {Can you guess
where this double pawn is going to?} 29. Rxd6 b4 {Suddenly, the threat ...Qc3
followed by mate on a1 gets contour.} 30. Rd7 ({White has to hurry preventing
Black's plans. He had no time to bring his kingside pawns into safety with
moves such as} 30. g3 {because of} Kh7 $3 {when the threats ...Qc3 or ...Ra3
followed by ...Qa5 would have been impossible to meet in adequate way. The
immediate 30...Qc3 would be bad because of the exchange of one pair of rooks
with 31.Rd8+.}) 30... Qxh2 31. Rxb7 Qxg2 32. Rxb4 Qxf3 33. Rbd4 Kh7 {
Everything is ready for the advance of the h-pawn now. With his queen very
passively laced, White can hardly react.} 34. b4 {This will not end up in a
pawn race, but weaken the position of the king only.} Ra4 35. e5 Qe2 36. R4d3
h5 37. b5 $2 Ra1+ $1 38. Qxa1 Rxa1+ 39. Kxa1 Qxe5+ {After the loss of the
b5-pawn, White will not be able to oppose anything to the advancing black
pawns.} 0-1

[Event "Candidates final"]
[Site "Elista"]
[Date "2007.05.07"]
[Round "2.2"]
[White "Rublevsky, Sergei"]
[Black "Grischuk, Alexander"]
[Result "1/2-1/2"]
[WhiteElo "2680"]
[BlackElo "2717"]
[Annotator "Marin,M"]
[PlyCount "36"]
[EventDate "2007.06.06"]
[EventType "k.o."]
[EventRounds "6"]
[EventCountry "RUS"]
[SourceTitle "CBM 119"]
[Source "ChessBase"]
[SourceDate "2007.08.01"]
[SourceVersion "1"]
[SourceVersionDate "2007.08.01"]
[SourceQuality "1"]

1. e4 e5 2. Nf3 Nc6 3. d4 exd4 4. Nxd4 Bc5 5. Be3 Qf6 6. c3 Nge7 7. Bc4 Ne5 8.
Be2 Qg6 9. O-O d6 10. f3 O-O 11. Nd2 d5 12. Kh1 dxe4 13. Nxe4 ({This move is
not new, but Rublevsky did not employ it before. He had repeteadly rehearsed} 
13. fxe4 Bg4 14. Bf4 Bxe2 15. Qxe2 Bd6 16. Rad1 Rae8 {, but without any
special successes. After the game continuation he will also fail to prove
anything concrete for White. On the basis of the first two games, we can state
that Grischuk has managed to spot the weak points in his opening repertoire
quite accurately.} 17. Qb5 (17. Bg3 a6 18. N2b3 b5 19. Na5 Ng4 20. e5 Nc8 21.
Nac6 Ne7 22. Na5 {1/2-1/2 Rublevsky,S (2645)-Kobalia,M (2614)/Kazan 2005/CBM
109}) (17. Bxe5 Bxe5 18. Qb5 Bxd4 19. cxd4 Qb6 20. Qd3 Qxb2 21. Rb1 Qxa2 22.
Rxb7 f5 23. e5 Nd5 24. Nb3 Rf7 25. Ra1 Qf2 26. Qb5 Rd8 27. Rbxa7 g6 28. R7a2
Qe3 {1/2-1/2 Rublevsky,S (2645)-Georgiev,K (2666)/Saint Vincent 2005/CBM 110})
17... Ng4 18. e5 $5 c6 19. Qxb7 Bxe5 20. Bxe5 {1/2-1/2 Rublevsky,S (2645)
-Najer,E (2615)/Warsaw 2005/CBM 108} Nxe5 21. Qxa7 (21. N2f3 Nxf3 22. Nxf3 Nd5
$132) (21. Rde1 Nd5 22. Nf5 $13) 21... Ng4 22. Rde1 Nf2+ $5 (22... Ne3 $5) 23.
Rxf2 (23. Kg1 Nh3+ $11) 23... Nc8 24. Rxe8 Nxa7 $13) 13... Bb6 (13... Nd5 14.
Bc1 Be7 15. Ng3 Bh4 16. Ndf5 Bxf5 17. Nxf5 Qxf5 18. Qxd5 c6 19. Qd4 Bf6 $11 {
Hector,J (2538)-Larsen,K (2282)/Copenhagen 2003/CBM 095 ext (1/2-1/2, 56). was
also completely equal. White's pair of bishops is compensated by Black's
better development.}) 14. Re1 $146 {This looks like a refined move, creating
some X-Ray effects, but does not bother Black too seriously.} (14. Bf2 Nf5 15.
Qc1 Nxd4 16. Bxd4 Nd7 17. Qd2 Bxd4 18. Qxd4 Qb6 $11 {Milov,L (2472)-David,A 
(2595)/Bastia 2005 (1/2-1/2, 27)}) 14... Bf5 15. Bf4 Bxe4 16. Bxe5 Nc6 17. Nxc6
Bxc6 18. Bd3 Qh5 1/2-1/2

[Event "Candidates final"]
[Site "Elista"]
[Date "2007.06.10"]
[Round "2.4"]
[White "Rublevsky, Sergei"]
[Black "Grischuk, Alexander"]
[Result "1-0"]
[WhiteElo "2680"]
[BlackElo "2717"]
[Annotator "Marin,M"]
[PlyCount "131"]
[EventDate "2007.06.06"]
[EventType "k.o."]
[EventRounds "6"]
[EventCountry "RUS"]
[SourceTitle "CBM 119"]
[Source "ChessBase"]
[SourceDate "2007.08.01"]
[SourceVersion "1"]
[SourceVersionDate "2007.08.01"]
[SourceQuality "1"]

1. e4 e5 2. Nf3 Nc6 3. d4 exd4 4. Nxd4 Bc5 5. Nxc6 ({Rublevsky wisely deviates
from} 5. Be3 {, which led to plain equality in the second game. Generally, he
is known for having a stable and narrow repertoire. However, just as in the
third game, he proves that he can display flexibility in choosing his opening
variations for such an important event as the Candidates' Matches.}) 5... Qf6
6. Qf3 $5 ({In fact, the aforementioned flexibility started manifesting itself
slightly earlier. In 2006 and 2007 Rublevsky played this relatively rare move
in a couple of games. Previously, he just stuck to the well-studied} 6. Qd2)
6... bxc6 7. Qg3 {A rare move at this stage of the game. White shows that he
is notinterested in the exchange of queens and hopes to prove that the enemy
queen si more exposed than his.} (7. Nd2 a5 8. Bd3 d6 9. Qg3 Ne7 10. O-O h5 {
After White's castle, h2-h4 is less appealing and Black immediately takes his
chance to win space on this wing.} 11. Nc4 h4 12. Qf4 Qxf4 13. Bxf4 Be6 14. Bd2
a4 $132 {Rublevsky,S (2688)-Grigoriants,S (2582)/Moscow 2006/CBM 116 (1/2-1/2,
36). Same plan on the opposite wing. Black has sufficient counterplay.}) 7...
h5 ({It is possible to choose a more restarined plan with} 7... d6 8. Nc3 Bd4
9. Na4 Qe7 10. Qd3 Bb6 11. f3 f5 12. Qc3 Bd7 13. Nxb6 axb6 14. Bd3 fxe4 15.
fxe4 Nf6 $132 {Ni Hua (2607)-Jakovenko,D (2667)/Taiyuan 2006 (1/2-1/2, 43)}) 8.
h4 Nh6 9. f3 d5 10. Nc3 Bb4 11. Bd2 dxe4 12. O-O-O e3 13. Bxe3 Bxc3 14. bxc3 $1
({An important novelty. Earlier this year, Rublevsky won a game after} 14. Bg5
Bxb2+ 15. Kb1 {Rublevsky-Tkachiev, Poikovsky 2007. We can understand Grischuk
from being ready to repeat this line. It is obvious that Black will get ample
compensation for the queen that he has to sacrifice in view of the threatened
mate on d8.}) 14... O-O (14... Nf5 15. Qxc7 $5 (15. Qg5 Nxe3 16. Qxe3+ Qe7 17.
Qxe7+ Kxe7 18. Bc4 Be6 19. Rd4 Rad8 $11 {Ni Hua (2607)-Najer,E (2677)/Ergun
2006 (0-1, 47)}) 15... Nxe3 $6 16. Rd6 Qe7 (16... Be6 17. Qxc6+ Ke7 18. Qc5 $1
Nxf1 19. Rd4+ Ke8 20. Qc6+ Ke7 21. Qb7+ $1 $18) 17. Qxc6+ Kf8 18. Qxa8 Qxd6 19.
Qxc8+ Ke7 20. Qb7+ Kf6 21. Bd3 $16 {[%csl Yf6]}) 15. Qg5 Nf5 16. Qxf6 gxf6 17.
Bf4 $16 {White has the pair of bishops and the better pawn structure.
Rublevsky is not the kind of player to let such a chance slip away.} Be6 18.
Ba6 Nd6 19. Bxd6 cxd6 20. Rxd6 Rab8 21. Rxc6 Bxa2 22. Kd2 Rfd8+ 23. Bd3 {
And now, he is a pawn up, and has the better structure and the more
centralized placement of his pieces.} Be6 24. Ra1 Rd7 25. Rc5 f5 26. Ke3 Re7
27. Kf4 {After this radical activation of the king, Black's position becomes
critical. The game is basically over.} Rb2 28. g3 Kg7 29. Kg5 Rd7 30. Ra3 Rb1
31. Rca5 Re1 32. Rxa7 Rd8 33. Ra1 Re5 34. R1a5 Re1 35. Bxf5 Bd5 36. Kf4 Rf1 37.
Be4 Bxe4 38. Kxe4 Re1+ 39. Kf4 Rc8 40. Rg5+ Kf6 41. Ra6+ Ke7 42. Re5+ Rxe5 43.
Kxe5 Rxc3 44. Ke4 Rxc2 45. Ra5 Rc4+ 46. Kd3 Rc1 47. Rxh5 Rg1 48. g4 Rh1 49.
Re5+ Kf6 50. Rf5+ Kg7 51. h5 Re1 52. Rf4 Ra1 53. Ke3 Ra3+ 54. Kf2 Ra2+ 55. Kg3
Ra1 56. Rf5 Rh1 57. Kf4 Rh3 58. Kg5 Rh1 59. f4 Rh2 60. Rd5 Ra2 61. h6+ Kg8 62.
Rd8+ Kh7 63. Rd7 Kg8 64. h7+ Kh8 65. Rxf7 Ra7 66. Rf8+ 1-0